000 01258nam a2200289Ia 4500
003 OSt
005 20221005110019.0
006 a|||||r|||| 00| 0
007 ta
008 221004b |||||||| |||| 00| 0 urd d
020 _a8172011474 (pbk)
_c125
024 _a93600
037 _b528, 19/03/2009, Vani Prakashan
_cTextual
040 _aCRL
_cCRL
_burd
041 _2urd
_aurd
082 _aO168,1M70:g, 152N1
100 _aअंसारी, जियाउद्दीन
245 0 _aजिगर मुरादाबादी, परमानन्द पांचाल अनु0
246 _aJigar murādābādī, paramānanda pāanchāl anu
260 _aनई दिल्ली
_bसाहित्य अकादेमी भारत
_c1991
300 _a80पृ0
_ccm.
490 _aभारतीय साहित्य के निर्माता
650 _aउर्दू साहित्य
700 _a पांचाल, परमानन्द, अनु.
942 _hO168,1M70:g, 152N1
_cTEXL
_2cc
999 _c1017528
_d1017528